| 000 | 00717nam a2200229Ia 4500 | ||
|---|---|---|---|
| 005 | 20220127144336.0 | ||
| 008 | 210716s2003 xx 000 0 und d | ||
| 020 | _a9788131500293 | ||
| 040 | _cAIMIT LIBRARY | ||
| 041 | _aeng | ||
| 082 |
_a001.42 _27 _bZIKW |
||
| 100 |
_aZikmund, William G. _914884 |
||
| 245 |
_aBusiness research methods / _cBy William G. Zikmund |
||
| 250 | _a7th ed. | ||
| 260 |
_aNew Delhi ; _bCengage Learning India Pvt Ltd , _c2008. |
||
| 300 |
_axix, 748p ; _c24 cm. |
||
| 650 |
_aBusiness Research _914885 |
||
| 650 |
_aMeasurement Concepts _914886 |
||
| 650 |
_aSampling and Fieldwork _914887 |
||
| 650 |
_aData Analysis and Presentation _914888 |
||
| 942 |
_2ddc _cBK _e7th _k001.42 ZIKW |
||
| 999 |
_c203776 _d203776 |
||